Prácu samosprávy hodnotia občania pozitívne

Štatistický úrad SR uskutočnil v októbri 1995 výskum zameraný na hodnotenie činnosti miestnej samosprávy verejnosťou a na podieľanie sa občanov na verejnom živote obce. Rast záujmu o samosprávu. Požiadavky občanov od obecných samospráv. Informovanosť o činnosti samosprávy.

Salvato in:
Dettagli Bibliografici
Autore principale: Bačišin, Vladimír
Natura: Capitolo di libro
Lingua:slovacco
Soggetti:
Tags: Aggiungi Tag
Nessun Tag, puoi essere il primo ad aggiungerne!!

MARC

LEADER 00000naa a2200000 4500
001 r020145
005 20230921074316.2
041 0 |a slo 
044 |a SK 
245 1 0 |a Prácu samosprávy hodnotia občania pozitívne  |c V. Bačišin 
520 |a Štatistický úrad SR uskutočnil v októbri 1995 výskum zameraný na hodnotenie činnosti miestnej samosprávy verejnosťou a na podieľanie sa občanov na verejnom živote obce. Rast záujmu o samosprávu. Požiadavky občanov od obecných samospráv. Informovanosť o činnosti samosprávy. 
610 2 0 |a Slovensko 
610 2 0 |a prieskum štatistický 
610 2 0 |a správa miestna 
610 2 0 |a obce 
610 2 0 |a mestá 
610 2 0 |a obyvateľstvo 
610 2 0 |a 1995 
100 1 |a Bačišin, Vladimír